000 00855nam a22002175i 4500
001 170204
003 ES-MaACL
005 20250522063050.0
008 090211s1953 fr |||| | fre d
080 _a78.089.1
100 1 _aMozart, Wolfgang Amadeus,
_d1756-1791
_9240565
245 1 0 _aCosi fan tutte
_b= (comme elles sont toutes) : opéra-bouffe en deux actes et huit tableaux /
_cMozart ; livret italien de Da Ponte ; texte français de Adolphe Boschot.
260 _aParis :
_bChoudens,
_c1953.
300 _a63 p. ;
_c18 cm.
500 _aEn la port.: Edition conforme au manuscrit de Mozart.
650 1 4 _aOperetas-
_vLibretos.
_9139352
700 1 _aBoschot, Adolphe.
_930675
700 0 _aDa Ponte, Lorenzo.
_942388
852 _aES-MaACL
_j2247-F-17
_9R.140980
_z.- Biblioteca Jacinto Martínez Lacalle
999 _c170204
_d170204